01221cam a22002891 4500001001300000003000400013005001700017008004100034010001700075035002000092040002700112042001200139043001200151050002300163051001700186100003600203245006300239260009200302300003900394501026400433650004500697650002000742700004700762740005100809810005400860999001700914hew62000121 DLC20260227111511.0910819s1962 dcuae 000 0 eng  ahew62000121  a(OCoLC)25429943 aDLCcCaSRUdOCoLCdDLC apremarc an-us---00aL111b.A72 no. 667 aLB2321b.R671 aRork, John Biehl,d1905-ecomp.10aCasebook on campus planning and institutional development, a[Washington]bU.S. Dept. of Health, Education, and Welfare, Office of Education;c1962] avi, 162 p.billus., plans.c27 cm. aL111.A72 no. 667 with: Progress in the construction of higher education facilities / W. Robert Bokelman and Leslie F. Robbins. Washington : U.S. Dept. of Health, Education, and Welfare, Office of Education, 1962. Bound together subsequent to publication.5DLC 0aUniversities and collegeszUnited States 0aCampus planning1 aRobbins, Leslie Frank,d1898-ejoint comp.0 aCampus planning and institutional development.1 aMexico.tOffice of Education Circular ;vno. 667. c34375d34375